Statistics for Cities with a Premier League club on a map.

Click here to take the quiz!

General Stats

  • This quiz has been taken 54 times
    (14 since last reset)
  • The average score is 10 of 12

Answers on the Map

Answers color-coded by a green-red scale on the quiz's map according to % correct below.
 

Answer Stats

Cities% Correct
Liverpool
100%
London
100%
Manchester
100%
Brighton
93%
Newcastle
93%
Leeds
86%
Leicester
86%
Southampton
86%
Birmingham
71%
Bournemouth
64%
Nottingham
64%
Wolverhampton
64%

Score Distribution

Percentile by Number Answered

Percent of People with Each Score

Your Score History

You have not taken this quiz since the last reset